First steps in modal logic

Αποθηκεύτηκε σε:
Λεπτομέρειες βιβλιογραφικής εγγραφής
Κύριος συγγραφέας: Popkorn, Sally
Μορφή: Βιβλίο
Γλώσσα:English
Δημοσίευση: Cambridge ; : New York : Cambridge University, c1994
Θέματα:
Ετικέτες: Προσθήκη ετικέτας
Δεν υπάρχουν, Καταχωρήστε ετικέτα πρώτοι!

MARC

LEADER 00000nam a2200000 i 4500
001 1/97881
008 000120s1994 eng d
020 |a 052146482X 
035 |l 10056304 
040 |a GR-MY-UA  |b gre  |e aacr 
041 0 |a eng 
082 0 |a 511.3 
100 1 |a Popkorn, Sally. 
245 1 0 |a First steps in modal logic /  |c Sally Popkorn 
260 |a Cambridge ; :   |a New York :   |b Cambridge University,   |c c1994 
300 |a xiii, 314 p.;  |b ill.;  |c 24 cm. 
504 |a Includes bibliographical references 
650 0 0 |a Modality (Logic) 
852 |a INST  |b SAMOS  |e 20000120  |h 511.3 POP  |p 005300016046  |q 005300016046  |t BK  |y 0 
901 |a BIBL3-2000-1 
909 |a Σ  |b 071522 
922 |a 3ΕΛΗ  |b 199912  |c ΤΠΕΣ  |d ΠΑΠΑΣΩΤΗΡΙΟΥ 
950 |a 133-1999-07-20 
970 |a ΠΟΥΡΝΑΡΑΣ  |b ΔΗΜΗΤΡΗΣ  |z 2000/01/20